000 00330nam a22001337a 4500
008 170929b xxu||||| |||| 00| 0 eng d
020 _a0205316034
041 _aeng
080 _22nd
_a37
100 _a47
101 _aEDU
245 _aTHE ALLYN AND BACON SORUCEBOOK FOR COLLEGE WRITING TEACHERS
_cDONALD,J,C
942 _2udc
_cBK
999 _c30592
_d30592